Từ điển Việt Anh = Vietnamese English dictionary

Đã lưu trong:
書目詳細資料
主要作者: Nguyễn, Văn Khôn
格式: 圖書
語言:Undetermined
出版: Thành Phố Hồ Chí Minh Nhà xuất bản Thành Phố Hồ Chí Minh 1991
主題:
標簽: 添加標簽
沒有標簽, 成為第一個標記此記錄!
Thư viện lưu trữ: Trung tâm Học liệu Trường Đại học Cần Thơ
LEADER 00736nam a2200205Ia 4500
001 CTU_141016
008 210402s9999 xx 000 0 und d
082 |a 423 
082 |b Kh454 
100 |a Nguyễn, Văn Khôn 
245 0 |a Từ điển Việt Anh = 
245 0 |b Vietnamese English dictionary 
245 0 |c Nguyễn Văn Khôn 
260 |a Thành Phố Hồ Chí Minh 
260 |b Nhà xuất bản Thành Phố Hồ Chí Minh 
260 |c 1991 
650 |a English language,Vietnamese language,Anh ngữ,Ngôn ngữ Việt 
650 |x Dictionaries,Dictionaries,Từ điển,Từ điển 
904 |i Tuyến 
980 |a Trung tâm Học liệu Trường Đại học Cần Thơ